Simplified Reinforced Concrete Design / (Record no. 5436)

MARC details
000 -LEADER
fixed length control field 00587nam a22001937a 4500
003 - CONTROL NUMBER IDENTIFIER
control field OSt
005 - DATE AND TIME OF LATEST TRANSACTION
control field 20251104083915.0
008 - FIXED-LENGTH DATA ELEMENTS--GENERAL INFORMATION
fixed length control field 251104b |||||||| |||| 00| 0 eng d
020 ## - INTERNATIONAL STANDARD BOOK NUMBER
International Standard Book Number 971-8614-488
040 ## - CATALOGING SOURCE
Transcribing agency CL
082 ## - DEWEY DECIMAL CLASSIFICATION NUMBER
Classification number 624.1 G477s 2013
100 ## - MAIN ENTRY--PERSONAL NAME
Personal name GILLESANIA, DIEGO INICENSIO T.
245 ## - TITLE STATEMENT
Title Simplified Reinforced Concrete Design /
260 ## - PUBLICATION, DISTRIBUTION, ETC.
Place of publication, distribution, etc. Manila:
Name of publisher, distributor, etc. Diego Inocencio Tapang Gillesania,
Date of publication, distribution, etc. c2013.
300 ## - PHYSICAL DESCRIPTION
Extent vi, 399 pages :
Other physical details illustrations ;
Dimensions 22cm.
504 ## - BIBLIOGRAPHY, ETC. NOTE
Bibliography, etc. note Includes bibliographical references
650 ## - SUBJECT ADDED ENTRY--TOPICAL TERM
Source of heading or term Reinforced concrete
942 ## - ADDED ENTRY ELEMENTS (KOHA)
Source of classification or shelving scheme Dewey Decimal Classification
Koha item type Book-Filipiniana
Suppress in OPAC No
952 ## - LOCATION AND ITEM INFORMATION (KOHA)
--
952 ## - LOCATION AND ITEM INFORMATION (KOHA)
--
Holdings
Withdrawn status Lost status Source of classification or shelving scheme Damaged status Not for loan Home library Current library Shelving location Date acquired Source of acquisition Cost, normal purchase price Total Checkouts Full call number Barcode Date last seen Copy number Price effective from Koha item type Uniform Resource Identifier
    Dewey Decimal Classification     College Library College Library Filipiniana 12/13/2021 School Fund 460.00   Fil. 624.1 G477s 2013 CL53101 11/04/2025 c1 11/04/2025 BK-FIL
    Dewey Decimal Classification     College Library College Library Filipiniana 12/13/2021 School Fund 460.00   Fil. 624.1 G477s 2013 CL5301 11/04/2025 c1 11/04/2025 BK-FIL